zgadnij filmy DreamWorks po plakatach - Statystyki

Ogólne statystyki
  • Ten quiz został rozwiązany 133 razy
    34 od ostatniego zresetowania
  • Średni wynik to 34 z 50
Statystyki odpowiedzi
Obrazkowy Odpowiedź % Poprawnych
Jak wytresować smoka
100%
Kung Fu Panda
96%
Kung Fu Panda 2
96%
Madagaskar
96%
Shrek
96%
Shrek 2
96%
Jak wytresować smoka 3
93%
Madagaskar 2
93%
Pingwiny z Madagaskaru
93%
Shrek Forever
93%
Trolle
93%
Turbo
93%
Jak Wytresować Smoka 2
89%
Kot w Butach
89%
Kung Fu Panda 3
89%
Madagaskar 3
89%
Shrek trzeci
89%
Dzieciak Rządzi
86%
Krudowie
86%
Kung Fu Panda 4
86%
Trolle 2
86%
Trolle 3
86%
Film o Pszczołach
82%
Kot w Butach Ostatnie Życzenie/ Kot w Butach 2
82%
Dzieciak Rządzi 2
75%
Krudowie 2
75%
Megamocny
75%
Rybki z Ferajny
75%
Mustang z Dzikiej Doliny
71%
Skok przez płot
68%
Kapitan Majtas
61%
Mrówka Z
61%
Droga do Eldorado
57%
Potwory kontra obcy
57%
Strażnicy Marzeń
57%
Dom
54%
Uciekające Kurczaki
54%
Pan Wilk i Spółka
50%
Pan Wilk i Spółka 2
50%
Pan Peabody i Sherman
46%
Dziki Robot
36%
Mustang 2 | Mustang z Dzikiej Doliny Droga do Wolności
36%
Spuszczony w Kanał
36%
Sindbad Legenda Siedmiu Mórz
29%
Wallace i Gromit
29%
Dogman
21%
Józef Władca Snów
14%
Miss Kraken
14%
Orion i Ciemność
14%
Król Egiptu
7%
Nie znaleziono quizów pasujących do podanych kryteriów
Rozkład punktacji
Procent ludzi z każdym wynikiem
Percentyl według liczby udzielonych odpowiedzi
Twoja historia wyników
Nie rozwiązałeś tego quizu od ostatniego zresetowania